书目信息 |
| 题名: |
社会学方法与定量研究
|
|
| 作者: | 谢宇 著 | |
| 分册: | 权威·前沿·原创 | |
| 出版信息: | 北京 社会科学文献出版社 2006 |
|
| 页数: | 244页 | |
| 开本: | 23cm | |
| 丛书名: | 社会学人类学论丛 | |
| 单 册: | ||
| 中图分类: | C91-03 | |
| 科图分类: | ||
| 主题词: | 定量社会学--研究生--教学参考资料 | |
| 电子资源: | ||
| ISBN: | 7-80230-232-3 | |
| 000 | 01122nam 2200265 45 | |
| 001 | 070730000387 | |
| 005 | 20071015090637.85 | |
| 010 | @a7-80230-232-3@dCNY29.00 | |
| 100 | @a20070718d2006 ekmy0chiy0120 ea | |
| 101 | 0 | @achi |
| 102 | @aCN@b110000 | |
| 105 | @ay z 000yy | |
| 200 | 1 | @a社会学方法与定量研究@AShe Hui Xue Fang Fa Yu Ding Liang Yan Jiu@d= Sociological methodology and quantitative research@e美国密歇根大学权威教授最新力作@EMei Guo Mi Xie Gen Da Xue Quan Wei Jiao Shou Zui Xin Li Zuo@i权威·前沿·原创@IQuan Wei· Qian Yan· Yuan Chuang@f谢宇著@FXie Yu Zhu@zeng |
| 210 | @a北京@c社会科学文献出版社@d2006 | |
| 215 | @a244页@c图@d23cm | |
| 225 | 2 | @a社会学人类学论丛 |
| 410 | 0 | @12001 @a社会学人类学论丛 |
| 510 | 1 | @aSociological methodology and quantitative research@zeng |
| 517 | 1 | @a美国密歇根大学权威教授最新力作@AMei Guo Mi Xie Gen Da Xue Quan Wei Jiao Shou Zui Xin Li Zuo |
| 517 | 1 | @a权威·前沿·原创@AQuan Wei· Qian Yan· Yuan Chuang |
| 606 | 0 | @a定量社会学@x研究生@j教学参考资料 |
| 690 | @aC91-03@v4 | |
| 701 | 0 | @a谢宇@AXie Yu@4著 |
| 801 | 0 | @aCN@c20071015 |
| 905 | @dC91-03@eX489 | |
| 社会学方法与定量研究= Sociological methodology and quantitative research:美国密歇根大学权威教授最新力作.权威·前沿·原创/谢宇著.-北京:社会科学文献出版社,2006 |
| 244页:图;23cm.-(社会学人类学论丛) |
| ISBN 7-80230-232-3:CNY29.00 |
| ● |
| 相关链接 |
|
|
|
正题名:社会学方法与定量研究
索取号:C91-03/X489
 
预约/预借
| 序号 | 登录号 | 条形码 | 馆藏地/架位号 | 状态 | 备注 |
| 1 | 650871 | 206508714 | 社科库509/509社科库 56排4列1层/ [索取号:C91-03/X489] | 在馆 | |
| 2 | 650872 | 206508723 | 社科库509/509社科库 56排4列1层/ [索取号:C91-03/X489] | 在馆 | |
| 3 | 650873 | 206508732 | 社科库509/509社科库 56排4列1层/ [索取号:C91-03/X489] | 在馆 |